000 01030 a2200265 4500
003 Nust
005 20221209092347.0
010 _a 94011082
020 _a0070566984
040 _cNust
082 0 0 _a621.382,SHE
100 1 _aSherman, Barry L.
_968096
245 1 0 _aTelecommunications management :
_bbroadcasting / cable and the new technologies /
_cBarry L. Sherman.
250 _a2nd ed.
260 _aNew York :
_bMcGraw-Hill,
_cc1995.
300 _axx, 431 p. :
_bill. ;
_c24 cm.
440 0 _aMcGraw-Hill series in mass communication
_993897
505 _aCore Concepts (Page-1), Core Businesses (Page-75), Core Processes (Page-163), Core Departments (Page-299).
650 0 _aCable television
_xManagement.
_9104528
650 0 _aTelecommunication Engineering
650 0 _aTelecommunication
_xManagement.
_9104529
856 4 2 _3Publisher description
_uhttp://www.loc.gov/catdir/description/mh022/94011082.html
856 4 2 _3Table of contents
_uhttp://www.loc.gov/catdir/toc/mh022/94011082.html
942 _2ddc
_cBK
999 _c182598
_d182598